Statistics for The 100 (TV Show) Characters Quiz

Click here to take the quiz!

General Stats

  • This quiz has been taken 782 times
  • The average score is 22 of 32

Answer Stats

Answer% Correct
Bellamy
99%
Clarke
99%
Octavia
96%
Abby
94%
Monty
93%
Lexa
92%
Jasper
91%
Raven
91%
Kane
90%
Murphy
90%
Jaha
89%
Finn
83%
Lincoln
81%
Harper
75%
Indra
75%
Wells
74%
Emori
72%
Echo
69%
King Roan
67%
Miller
63%
Anya
57%
Maya
54%
Luna
52%
Pike
52%
Madi
48%
Jackson
46%
Titus
45%
Ontari
41%
Niylah
23%
Sinclair
21%
Bryan
18%
Wick
14%

Score Distribution

Percentile by Number Answered

Percent of People with Each Score

Your Score History

You have not taken this quiz